000 00620cam a2200229 a 4500
008
020 _a0471053384 (hbk. )
049 _aMAIN
090 0 0 _aQA184
_bANT
100 1 _aAnton, Howard.
245 1 0 _aElementary linear algebra /
_cHoward Anton.
250 _a3rd ed.
260 _aNew York :
_bWiley,
_cc1981.
300 _axvii, [various paging] :
_bill. ;
_c24 cm.
500 _aIncludes index.
650 0 _aAlgebras, Linear.
907 _a.b10345243
_b18-07-14
_c18-07-14
003
005 20230123122102.0
040 _cNUST
942 _cBOOKS
_kQA184
_mANT
999 _c127539
_d127539